00337nam a2200121Ia 4500008004100000041000800041082001700049100002000066245004500086260004200131300003300173365000900206240624s9999 xx 000 0 und d aeng a343.7309 BID aBIDGOLI HOSSEIN aGLOBAL PERSPECTIVES IN INFORMATION SECUR c2009aNew JerseybJohn Wiley and Sons axviii, : 878 : p. : cm. ; 24 cb30